00599nam a2200193Ia 4500008004100000020001300041082001600054100002000070245005300090250000700143260003900150300002400189500000700213600002700220650001500247942000700262952012100269999001500390240925s9999 xx 000 0 und d a60446413 a624.171 MCC aSack, Ronald L 0aSolution Manual to Accompany Structural Analysis aNA aNew York:bHarpper and Rowc,1984. a112p.bNAfOriginal aNA aElectronic Engineering aTechnology cBK 011040708ELaUITUbUITUd1997-01-25eUIT Fruit Canadal0o624.171 MCCpQ1283r2024-09-25 07:12:22w2024-09-25yBK c3782d3782